北海道の市町村 人口順 - Statistics

General Stats
  • This quiz has been taken 60 times
  • The average score is 81 of 173
Answer Stats
Answer 人口 % Correct
1 札幌市 1,968,261
97%
2 旭川市 314,522
97%
3 函館市 235,727
97%
4 苫小牧市 165,502
92%
6 釧路市 153,980
92%
9 小樽市 103,348
92%
20 稚内市 30,922
92%
5 帯広市 162,053
89%
11 室蘭市 75,603
89%
24 根室市 22,266
89%
8 北見市 110,297
86%
14 北広島市 56,602
86%
19 網走市 33,390
86%
10 千歳市 97,436
84%
15 石狩市 55,758
81%
7 江別市 119,275
78%
12 岩見沢市 74,226
78%
13 恵庭市 70,684
78%
28 富良野市 19,575
76%
74 夕張市 5,980
76%
27 紋別市 19,828
73%
16 登別市 43,298
70%
23 名寄市 25,041
70%
18 滝川市 36,810
68%
39 砂川市 15,214
68%
101 羅臼町 4,186
68%
17 北斗市 41,561
65%
21 伊達市 30,627
65%
173 音威子府村 618
65%
25 中標津町 22,090
62%
32 留萌市 18,053
62%
37 士別市 16,207
62%
45 芦別市 11,012
62%
62 三笠市 7,191
62%
138 歌志内市 2,540
62%
26 新ひだか町 19,885
59%
30 深川市 18,312
59%
47 日高町 10,577
59%
46 斜里町 10,761
57%
90 標津町 4,693
57%
146 礼文町 2,293
57%
31 釧路町 18,110
54%
44 森町 13,103
54%
56 赤平市 8,523
54%
68 せたな町 6,544
54%
78 池田町 5,746
54%
89 長万部町 4,737
54%
159 利尻町 1,875
54%
29 美唄市 18,387
51%
51 東神楽町 9,723
51%
66 江差町 6,697
51%
76 羽幌町 5,829
51%
96 中富良野町 4,390
51%
147 利尻富士町 2,240
51%
148 南富良野町 2,239
51%
36 余市町 16,702
49%
41 八雲町 14,768
49%
43 別海町 13,525
49%
52 上富良野町 9,572
49%
55 清水町 8,552
49%
64 枝幸町 6,949
49%
69 弟子屈町 6,468
49%
82 松前町 5,309
49%
85 ニセコ町 5,149
49%
119 福島町 3,320
49%
120 上川町 3,198
49%
121 浜頓別町 3,197
49%
166 中川町 1,340
49%
169 赤井川村 1,171
49%
57 厚岸町 8,054
46%
79 広尾町 5,718
46%
110 豊富町 3,685
46%
115 増毛町 3,416
46%
116 興部町 3,382
46%
134 天塩町 2,638
46%
140 猿払村 2,495
46%
154 奥尻町 2,074
46%
165 泊村 1,427
46%
33 遠軽町 17,549
43%
38 当別町 15,387
43%
49 栗山町 10,467
43%
67 標茶町 6,641
43%
70 大空町 6,263
43%
84 新得町 5,259
43%
130 沼田町 2,708
43%
155 陸別町 2,061
43%
163 占冠村 1,476
43%
164 中頓別町 1,459
43%
171 西興部村 938
43%
22 七飯町 26,874
41%
35 美幌町 17,183
41%
40 白老町 15,015
41%
65 白糠町 6,758
41%
72 新十津川町 6,178
41%
86 浜中町 5,115
41%
99 小清水町 4,318
41%
109 様似町 3,712
41%
125 豊頃町 2,817
41%
127 新篠津村 2,784
41%
128 和寒町 2,773
41%
139 黒松内町 2,520
41%
144 上砂川町 2,411
41%
160 積丹町 1,618
41%
170 初山別村 973
41%
34 芽室町 17,470
38%
53 美瑛町 9,146
38%
54 東川町 8,574
38%
58 洞爺湖町 7,867
38%
61 むかわ町 7,227
38%
92 佐呂間町 4,528
38%
100 厚真町 4,236
38%
114 木古内町 3,430
38%
150 雨竜町 2,181
38%
172 神恵内村 790
38%
42 倶知安町 14,530
35%
75 本別町 5,922
35%
81 共和町 5,383
35%
95 由仁町 4,419
35%
97 蘭越町 4,371
35%
103 雄武町 3,920
35%
104 津別町 3,888
35%
108 美深町 3,719
35%
113 鹿部町 3,482
35%
122 厚沢部町 3,194
35%
126 京極町 2,815
35%
135 苫前町 2,629
35%
141 鶴居村 2,465
35%
153 幌延町 2,144
35%
161 北竜町 1,563
35%
168 幌加内町 1,191
35%
48 岩内町 10,526
32%
59 南幌町 7,793
32%
60 湧別町 7,724
32%
80 士幌町 5,535
32%
98 訓子府町 4,333
32%
105 上ノ国町 3,828
32%
106 知内町 3,796
32%
107 中札内村 3,769
32%
117 比布町 3,337
32%
118 月形町 3,326
32%
123 仁木町 3,140
32%
143 古平町 2,437
32%
151 秩父別町 2,154
32%
162 浦臼町 1,544
32%
63 安平町 7,071
30%
77 足寄町 5,827
30%
83 大樹町 5,270
30%
87 新冠町 4,963
30%
112 豊浦町 3,538
30%
124 乙部町 3,022
30%
129 下川町 2,772
30%
133 剣淵町 2,649
30%
136 寿都町 2,581
30%
142 妹背牛町 2,439
30%
145 愛別町 2,354
30%
167 島牧村 1,196
30%
71 鷹栖町 6,257
27%
93 今金町 4,446
27%
94 平取町 4,433
27%
102 浦幌町 3,944
27%
131 小平町 2,680
27%
149 遠別町 2,237
27%
157 喜茂別町 1,950
27%
50 長沼町 9,737
24%
88 鹿追町 4,962
24%
111 清里町 3,581
24%
132 壮瞥町 2,661
24%
158 留寿都村 1,902
24%
91 奈井江町 4,615
22%
156 真狩村 1,979
22%
73 当麻町 6,002
19%
152 滝上町 2,154
19%
137 置戸町 2,549
16%
No matching quizzes found
Score Distribution
Percent of People with Each Score
Percentile by Number Answered
Your Score History
You have not taken this quiz